00502 2200217 4500001002100000008004100021035002000062245004600082100001200128250000600140260003000146084001400176082000800190650001400198990001200212990001200224990001200236990001200248990001200260990001200272INLIS000000000001217 ind  a0010-0524000452 aDasar-Dasar Data Base RelasionalcRamon A aRamon A a1 aJakarta :bErlanggac2004 a600 RAM d a600 aNon Fiksi a0714014 a0714015 a0714016 a0714017 a0714018 a0714019